Koncepčný návrh stroja na spracovanie ovocia

Na minha lista:
Detalhes bibliográficos
Autor principal: Mahrík, Michael (Author)
Outros Autores: Bošanský, Miroslav (Thesis advisor)
Formato: Manuscrito Livro
Idioma:eslovaco
Publicado em: 2024
Assuntos:
Acesso em linha:http://is.stuba.sk/zp/portal_zp.pl?podrobnosti=185182
Tags: Adicionar Tag
Sem tags, seja o primeiro a adicionar uma tag!

MARC

LEADER 00000ntm a22000003a 4500
001 stuzp98453
003 SK-STU
005 20241120102659.2
007 ta
008 150427s2015----xo-----f-mn---000-0-slo-d
040 |a STU  |b slo 
041 0 |a slo 
100 1 |a Mahrík, Michael  |u 020030  |4 aut  |U SjF Strojnícka fakulta  |T SjF Ústav automobilového inžinierstva a konštruovania  |X 117211  |U J0030  |Y 806  |7 117211 
242 0 1 |a Conceptual design of a fruit processing machine  |y eng 
245 1 0 |a Koncepčný návrh stroja na spracovanie ovocia 
260 |c 2024 
650 4 |a strojné spracovanie ovocia  |2 slo 
650 4 |a paradajky  |2 slo 
650 4 |a dopravníky ovocia  |2 slo 
650 4 |a technologická linka  |2 slo 
650 4 |a mechanical fruit processing  |2 eng 
650 4 |a technological line  |2 eng 
650 4 |a fruit conve  |2 eng 
650 4 |a tomatoes  |2 eng 
700 1 |a Bošanský, Miroslav  |u 020030  |k Z1  |4 ths  |U SjF Strojnícka fakulta  |T SjF Ústav automobilového inžinierstva a konštruovania  |X 2406  |U J0030  |Y 806  |7 A000002406 
856 4 |u http://is.stuba.sk/zp/portal_zp.pl?podrobnosti=185182 
996 |b 284J047692  |c J* 3787/DBP  |l JJSK  |s A  |a 24  |w stuzp98453_0001